[Event "Tan Chin Nam Cup 6th"]
[Site "Beijing"]
[Date "2000.07.16"]
[Round "8"]
[White "Adianto, Utut"]
[Black "Peng, Xiaomin"]
[Result "1/2-1/2"]
[WhiteElo "2583"]
[BlackElo "2657"]
[Annotator "Stohl,I"]
[PlyCount "102"]
[EventDate "2000.07.03"]
[EventType "tourn"]
[EventRounds "9"]
[EventCountry "CHN"]
[EventCategory "16"]
[SourceTitle "CBM 078"]
[Source "ChessBase"]
[SourceDate "2000.10.18"]
[SourceVersion "1"]
[SourceVersionDate "2000.10.18"]
[SourceQuality "1"]

1. d4 Nf6 2. c4 g6 3. Nc3 Bg7 4. e4 d6 5. f3 O-O 6. Be3 c5 7. d5 e6 8. Qd2 exd5
9. cxd5 a6 10. a4 Re8 11. Nge2 Nbd7 12. Nc1 {The best,other N routes offer
Black more play.} ({The N is not too well placed on g3:} 12. Ng3 h5 13. Be2 h4
14. Nf1 Nh7 $5 {/\f5|^} (14... h3 15. g4 $1 Ne5 16. Ng3 Bd7 17. O-O b5 18. g5
Nh7 19. f4 b4 20. Nd1 Ng4 21. Kh1 Nxe3 22. Nxe3 Nxg5 23. fxg5 Qxg5 24. Bc4 Bd4
25. Rae1 Bxa4 26. Qf2 Ra7 27. b3 Bb5 28. Qf3 $16 {Wallace,J-Hebden,M/Hastings/
1995/}) (14... Ne5 15. Bg5 h3 16. g4 Qa5 17. Ng3 (17. Ra3 $1 $14) 17... b5 18.
O-O b4 19. Nd1 c4 20. Be3 Nfd7 21. f4 Nc5 22. fxe5 Nb3 23. Qe1 Nxa1 24. Qf2 Rf8
25. Bxc4 Qxa4 26. exd6 {Timman,J-Speelman,J/London cm/1989/} Qc2 $1 $17) 15.
Bh6 Bd4 16. Be3 Bh8 17. Bf2 Ne5 18. Ne3 Qf6 19. h3 Bg7 20. Ng4 Qe7 21. Be3 f5
22. Nf2 Bd7 23. O-O Nf7 24. Bd3 Nf6 25. Rae1 Qf8 26. exf5 gxf5 27. Qc2 Nh5 $15
{Pihlajasalo,H-Florean,A/WChJ Zagan/1997/}) (12. Nd1 Ne5 13. Nec3 Qa5 (13...
Bd7 14. Be2 Qa5 15. Ra3 Qb4 16. a5 Nc4 17. Bxc4 Qxc4 18. Na2 Bb5 19. b3 Qd3 20.
Qxd3 Bxd3 21. Kd2 Bb5 22. Nac3 Nd7 23. Bf4 Ne5 24. Ne3 $14 {Krutti,V-Szalanczy,
E/Kobanya op/1992/}) 14. Ra3 Nfd7 $1 (14... Qb4 15. Be2 Nc4 16. Bxc4 Qxc4 17.
Na2 a5 18. Qe2 Qxe2+ 19. Kxe2 b5 20. axb5 Bd7 21. Nac3 Reb8 22. Bf4 Ne8 23. Kd2
Bxb5 24. Ne3 Ba6 25. Kc2 Rb4 26. Rha1 Rab8 27. R1a2 Bd4 28. Ncd1 $14 {Kaspi,
A-Umanskaya,I/Moscow/1991/}) 15. Be2 f5 16. O-O Nb6 17. b3 fxe4 18. f4 Nd3 19.
g4 Qb4 20. Ra2 c4 21. Nxe4 Rxe4 22. Bxd3 cxd3 {0-1,Kaspi,A-Hebden,M/Rishon Le
Zion/1992/}) 12... Ne5 (12... h5 13. Be2 Nh7 14. O-O Ne5 15. Rb1 Qc7 $6 16.
N1a2 f5 17. Rfc1 Qe7 18. b4 c4 19. b5 g5 20. Nb4 f4 21. Bf2 a5 22. Nc2 g4 23.
Nd4 $13 {Van de Griendt,J-Van der Werf,M/Enschede/1992/}) 13. Be2 Bd7 (13...
Nh5 $5 14. O-O f5 15. f4 (15. exf5 $13) 15... Nd7 16. Bxh5 gxh5 17. e5 dxe5 18.
Nd3 b6 19. fxe5 Nxe5 20. Nxe5 Bxe5 21. Bg5 Qd6 22. Bf4 Bxf4 23. Rxf4 Bd7 24.
Raf1 Re5 25. R4f3 b5 $15 {Mihajlovic,V-Kovacevic,A/YUG-ch Nis/1996/}) 14. O-O
Rb8 (14... h5 15. Rb1 h4 16. b4 c4 17. a5 Rc8 18. N1a2 Nh5 19. f4 Ng4 20. Bxg4
Bxg4 {Adianto,U-Polgar,J/Jakarta act m/1996/} 21. Bd4 $14 {/+/-}) 15. a5 (15.
h3 $143 b5 16. axb5 Bxb5 17. Nxb5 axb5 18. Nb3 Nh5 19. Bf2 Nc4 $36 {Schuster,
U-Siemers,J/Baden-Baden/1990/}) 15... Bc8 (15... b5 16. axb6 Qxb6 (16... Rxb6
17. Rxa6 Rxa6 18. Bxa6 Qb6 19. Be2 Rb8 20. b3 $14) 17. Rxa6 Qxb2 18. Rxd6 c4
19. Qxb2 (19. f4 $1 {/\e5+/-}) 19... Rxb2 20. Rb6 $2 Rc2 21. Nb5 Nd3 22. Na3
Nxc1 23. Nxc2 Nxe2+ 24. Kf2 Nc3 25. Bd4 Nh5 26. Bxg7 Kxg7 $13 {Kostic,F-Saulin,
D/Moscow/1996/}) 16. Na4 Ned7 17. Nb3 $1 (17. Bf4 Qe7 18. g4 $5 $13) 17... Qc7
(17... b5 18. axb6 Nxb6 19. Na5 $36) 18. Ra3 h5 (18... b5 19. axb6 Nxb6 20.
Naxc5 $5 dxc5 21. Bf4 Qa7 22. Bxb8 Qxb8 23. Nxc5 $14) 19. Rc1 Qd8 20. Na1 $6 {
/\b4} (20. Bg5 $14) 20... b5 $8 21. axb6 Nxb6 22. Nxb6 (22. Nc3 $142 Nfxd5 $5
23. Nxd5 (23. exd5 $4 Rxe3 $17) 23... Nxd5 24. Qxd5 Bxb2 25. Rb3 Be6 26. Rxb8
Qxb8 27. Qd2 $13) 22... Rxb6 23. Nb3 Nh7 24. Bf2 f5 $1 $36 25. exf5 Bxf5 26.
Bxa6 Qf6 27. Bc4 (27. Rc3 Ra8 $44) 27... Qxb2 28. Ra2 Qf6 29. Ra7 Reb8 30. Qe3
$2 (30. Na5 Rb1 31. Rxb1 Rxb1+ 32. Bf1 Qc3 $19) (30. Ra3 $142 Ng5 $15 (30...
Qb2 31. Ra2 Qxd2 32. Nxd2 $15)) 30... Ng5 $2 (30... Qb2 31. Re1 (31. Rf1 Rxb3
32. Bxb3 Rxb3 33. Qe8+ Nf8 34. Qf7+ Kh8 35. Bg3 c4 $17) (31. Rxg7+ Kxg7 32. Be1
(32. Na5 $2 Qxc1+ 33. Qxc1 Rb1 $19) 32... Rxb3 33. Bxb3 Qxb3 34. Qe7+ Kg8 35.
Bc3 Rb7 36. Qxd6 Qa3 $19) 31... Rxb3 32. Bxb3 Bd4 $1 $17 (32... Qxb3 33. Qe7
$36) (32... Rxb3 $2 33. Qe8+ Nf8 34. Ree7 $16)) 31. Rxg7+ $5 {[%mdl 512] White
is worried by the activity of the black pieces and decides to change the
course of the game by this intuitive sacrifice. However probably objectively
better was the solid} (31. Nd2 $15 {/=}) 31... Kxg7 32. Be1 Kh7 33. Ba5 (33.
Bc3 $142 Qd8 (33... Rxb3 34. Bxb3 Rxb3 35. Bxf6 Nh3+ 36. gxh3 Rxe3 37. Kf2 Rd3
(37... Ra3 38. Be7 $132) 38. Ke2 Rxd5 39. Rd1 $11) 34. Nd2 $15) 33... R6b7 34.
Re1 Nf7 35. f4 Qh8 36. h3 (36. Nd2 $2 Qd4) 36... Qf8 37. Nd2 Ra7 38. Bc3 Rbb7
$1 {Allows Black to fight for the e-file.} 39. g4 (39. Bf6 Nh6 $17) 39... Re7
40. Qg3 Rxe1+ 41. Qxe1 Re7 (41... hxg4 42. hxg4 Bxg4 $2 43. Ne4 Kh6 44. Nf6 $40
{/\} Bh5 45. Nxh5 gxh5 46. Qe6+ Kh7 47. Bd3+ $18) 42. Qg3 Nh6 {[%mdl 512]
Black is worried about the attack and sacrifices a B to achieve a rock solid
position. But just as the one above this sacrifice was not forced.} (42... hxg4
43. hxg4 Bc2 44. Qh4+ (44. Nf3 Qh6 $17) 44... Kg8 45. Qf6 (45. Nf3 Re3 46. Ng5
Qh6 $19) 45... Re3 $15) (42... Bc2 $5 43. Nf3 $15 (43. gxh5 gxh5 44. Bd3+ Bxd3
45. Qxd3+ Kh6 $17) (43. Bf6 Ra7 44. Qh4 Qe8 $40)) 43. gxf5 Nxf5 $44 44. Qf2 Re3
45. Bb2 Qb8 46. Nf1 Rxh3 47. Qe2 Rh4 48. Bd3 Rg4+ 49. Kh1 Rh4+ (49... Qb7 $5
50. Bxf5 gxf5 51. Kh2 Qf7 $15) 50. Kg1 Rg4+ 51. Kh1 Rh4+ 1/2-1/2

[Event "FIDE-Wch k.o."]
[Site "New Delhi/Teheran"]
[Date "2000.12.08"]
[Round "4.4"]
[White "Dreev, Alexey"]
[Black "Topalov, Veselin"]
[Result "1-0"]
[WhiteElo "2676"]
[BlackElo "2707"]
[Annotator "Stohl,I"]
[PlyCount "91"]
[EventDate "2000.11.27"]
[EventType "k.o."]
[EventRounds "7"]
[EventCountry "IND"]
[SourceTitle "CBM 081"]
[Source "ChessBase"]
[SourceDate "2001.03.20"]
[SourceVersion "1"]
[SourceVersionDate "2001.03.20"]
[SourceQuality "1"]

1. d4 Nf6 2. c4 g6 3. Nc3 Bg7 4. e4 d6 5. f3 O-O 6. Nge2 c5 7. d5 e6 8. Ng3
exd5 9. cxd5 h5 10. Be2 (10. Bg5 $5) 10... Nh7 (10... h4 11. Nf1 Nh5 $6 12. g4
$1 Nf6 13. Bg5 h3 14. Qd2 Nbd7 15. Ng3 Re8 16. O-O Ne5 17. Kh1 Qa5 18. Bh6 Bh8
19. Rg1 Qb4 20. Rad1 b5 21. g5 Nfd7 22. Nxb5 Ba6 23. Qxb4 cxb4 24. Nxd6 Bxe2
25. Nxe2 Nxf3 26. Rgf1 $18 {Razuvaev,Y-Agrest,E/St Petersburg/1992/}) (10... a6
11. a4 Nbd7 12. Bg5 $1 Rb8 13. Qd2 Qc7 14. Bh6 c4 15. Bxg7 Kxg7 16. a5 h4 17.
Nf1 Nc5 18. Bxc4 Ncxe4 19. fxe4 Qxc4 20. Ne3 Qc5 {Korchnoi,V-Xie Jun/Arnhem/
1999/} 21. O-O $1 Ng4 22. Ncd1 $36) 11. Be3 a6 12. a4 h4 13. Nf1 f5 $5 $146 {
[%mdl 72] After winning with White the first playoff game Topalov even in the
second one goes for immense tactical complications. Reckless, but very
courageous! Objectively however he should have probably preferred the solid} (
13... Nd7 {first ending his development:} 14. Nd2 f5 15. exf5 gxf5 16. f4 ({
Here} 16. Bf4 $6 Ne5 {makes no sense.}) 16... Ndf6 (16... h3 $5 17. O-O hxg2
18. Rf2 Re8 19. Nc4 Nb6 20. Qd2 Nxc4 21. Bxc4 Nf6 22. h3 Ne4 $132 {Cebalo,
M-Mortensen,E/Leningrad/1984/}) (16... Qe7 17. Nc4 Nhf6 18. O-O $14 {/~~}) 17.
h3 Qe7 18. Kf2 {Kortschnoj,V-Xie Jun/Roquebrune/1998/} Bd7 $5 19. a5 Rae8 20.
Nc4 Bb5 $13) 14. exf5 gxf5 15. Bf4 $5 {[%cal Yf1e3,Ye3c4]} Nd7 {[%mdl 512]
Consistent, otherwise White plays Ne3-c4 and gets control of the posiiton.} (
15... Qe7 16. Ne3 Nd7 17. Nc4 Ne5 18. Nb6 $14) 16. Bxd6 Re8 17. Qd2 (17. Qb3
Ne5 18. Bxe5 (18. Bxc5 $2 Nd3+ $19) 18... Bxe5 $44 {/\Qg5,Qd6}) 17... Ne5 $1
18. Bxc5 (18. Bxe5 Bxe5 $13) 18... h3 19. Kf2 $8 (19. Rg1 hxg2 20. Ne3 f4 21.
Rxg2 Bh3 $40) 19... hxg2 20. Kxg2 f4 $5 {[%mdl 512] Black is generous,
otherwise the attack can't succeed.} (20... Ng6 21. Rg1 $1 {[%cal Rg2h1] /\Kh1
and White's K will be safe.}) 21. Qxf4 {Rather greedy, now the K is again
chased into the [+].} (21. Rg1 $142 $5 Ng5 22. Kh1 $16 {/\} Nexf3 23. Bxf3 Nxf3
24. Rxg7+ Kxg7 25. Qg2+ Ng5) 21... Ng6 22. Qg3 $8 (22. Qd2 $2 Bxc3 23. bxc3
Rxe2+ $1 24. Qxe2 Nf4+ $19) (22. Qc4 b5 $1 $40) 22... Nh4+ 23. Kf2 Nf5 24. Qf4
$6 (24. Qg6 $142 $1 Nf8 (24... Bd7 25. Ng3 $16) 25. Qb6 Qh4+ 26. Ng3 Nd4 (26...
Nd7 27. Qg6) 27. Nce4 $16) 24... b6 $1 25. Ba3 {[%csl Ra3] ץ} Be5 26. Qc4 Ng5
$40 27. h4 (27. Rd1 Nh3+ 28. Ke1 Nf4 $36) 27... Bd4+ 28. Ke1 Nxf3+ 29. Kd1 Ne5
30. Qb3 Kh8 31. Kc2 $2 (31. Rh2 $142 $5 $13 {[%cal Ye2h5,Yh2d2] /\Bh5,Rd2})
31... Bc5 (31... Bxc3 $1 32. bxc3 (32. Qxc3 Qxd5 33. Rh2 Nd4+ $19 {->}) (32.
Kxc3 Bb7 $19 {->}) 32... Nc6 $1 {[%cal Rc6d4,Re8e2] /\Re2,Ncd4-+} 33. Kc1 Rxe2
34. dxc6 Qd3 {[%cal Rf5d4,Rc8e6] /\Nd4,Be6-+}) (31... Bf2 32. Rd1 Nd4+ 33. Rxd4
{-31...Bc5}) 32. Rd1 Nd4+ 33. Rxd4 Bxd4 34. Kb1 Bf5+ 35. Ka1 $36 {[%csl Ga1,
Rh8] The tables have turned, White's K is finally in relative safety and now
the Kh8 is exposed.} Qf6 (35... Bxc3 36. Ng3 $1 (36. Qxc3 Qxd5 $15) (36. bxc3
Be4 $13) 36... Bh7 37. bxc3 $16) 36. Ng3 Bh7 37. Nce4 Bxe4 $6 {Without the B
Black's position will collapse surprisingly fast.} (37... Qf4 38. Rf1 Qe3 39.
Qxe3 Bxe3 40. Nf6 $16) (37... Qg7 38. Ng5 $1 $40 (38. Nd6 Rf8 39. Rd1 $16)) 38.
Nxe4 Qf4 39. Ng5 (39. Nd6 {/\Rf1} Rg8 40. Rf1 Rg1 $16) 39... Qd2 (39... Rec8
40. Qb4 $5 {[%cal Rb4d6] /\Qd6+-} Qe3 (40... Rc1+ 41. Rxc1 Qxc1+ 42. Ka2 Bc5
43. Qe4 $18) 41. Qd6 Ng6 42. Kb1 $18 (42. Qxg6 $4 Qxa3+)) 40. Rd1 (40. Qd1
Qxd1+ 41. Rxd1 Bc5 $16 {probably also wins, but playing for the -> is more
attractive.}) 40... Qxe2 41. Rxd4 Rac8 (41... b5 42. d6 bxa4 43. Qd5 $40) 42.
Ka2 b5 43. d6 bxa4 44. Qxa4 Qc2 (44... Rb8 45. d7 Red8 46. Re4 $18) 45. Qxc2
Rxc2 46. Re4 $1 (46. Re4 Kg8 (46... Rd2 47. Rxe5 Rxe5 48. Nf7+ $18) 47. Nf3 $18
) 1-0

[Event "Interzonal-13c"]
[Site "Biel"]
[Date "1985.07.18"]
[Round "11"]
[White "Seirawan, Yasser"]
[Black "Sax, Gyula"]
[Result "1-0"]
[WhiteElo "2570"]
[BlackElo "2535"]
[Annotator "Stohl,I"]
[PlyCount "147"]
[EventDate "1985.07.02"]
[EventType "tourn"]
[EventRounds "17"]
[EventCountry "SUI"]
[EventCategory "12"]
[SourceTitle "IZT"]
[Source "ChessBase"]
[SourceDate "1999.07.01"]
[SourceVersion "1"]
[SourceVersionDate "1999.07.01"]
[SourceQuality "1"]

1. d4 Nf6 2. c4 g6 3. Nc3 Bg7 4. e4 d6 5. f3 O-O 6. Be3 c5 7. d5 e6 8. Qd2 exd5
9. cxd5 a6 10. a4 Nbd7 11. Nh3 Ne5 (11... c4 12. Nf2 $1 $16 (12. Bxc4 Ne5 13.
Be2 Bxh3 14. gxh3 Qc8 $44)) 12. Nf2 Bd7 $5 (12... Rb8 13. Be2 Bd7 14. a5 $16)
13. Be2 b5 14. axb5 axb5 15. Rxa8 Qxa8 16. Nxb5 Bxb5 17. Bxb5 Rb8 (17... Qa1+
$142 18. Nd1 c4 $1 $44) 18. Be2 Nfd7 19. Nd1 Qa4 20. Qc1 Nb6 21. Bd2 $16 f5 22.
exf5 Qh4+ 23. Nf2 $1 (23. g3 Qh3 $132) 23... gxf5 24. O-O Nxd5 25. f4 Nf7 26.
Bf3 {׻,^^} Nb4 27. Qb1 Qf6 28. Bc3 Qg6 29. Nd3 Nd5 30. Bxd5 $1 (30. Bxg7 Qxg7
31. Bxd5 Qd4+ $10) 30... Bxc3 31. Kh1 Kf8 32. Qa2 Bd4 33. Re1 {^-->} Re8 34.
Rxe8+ Kxe8 35. Ne1 Nd8 36. Nf3 Bf6 37. Qa4+ Kf8 38. Qd7 Be7 39. g3 h6 40. b3
Qf6 41. Bc4 Qg6 42. Kg2 Qf6 43. h4 Qb2+ 44. Kh3 {><d6,f5,h6} Qc2 45. h5 $1 Qe4
46. Nh2 Nf7 (46... Qc2 47. Be6 $18) 47. Qe6 $1 Qxe6 48. Bxe6 Nd8 49. Bxf5 Nc6 (
49... d5 50. Ng4 Kg7 51. Ne3 d4 52. Nd5 $18) 50. Be6 Bf6 51. Ng4 Bg7 52. Ne3
Nd4 53. Bc4 Bf6 54. Nd5 Bd8 55. g4 $18 Nc6 56. Kg2 Ne7 57. Ne3 Ba5 58. Kf3 Bc3
59. Ke4 Bd2 60. Be6 d5+ (60... Bxe3 61. Kxe3 d5 62. g5 $18) 61. Nxd5 Nxd5 62.
Bxd5 Kg7 63. Kf5 Bc1 64. g5 Bd2 65. Bc6 Bc1 66. Be8 Bd2 67. Bg6 Bc1 68. gxh6+
Kxh6 69. Ke5 Bd2 (69... Kg7 70. f5 Bb2+ 71. Ke6 Bc3 72. Be8 {/\Bb5-c4}) 70. Be8
Bc1 71. f5 Kg5 72. Ke6 Bb2 73. Bb5 Bg7 74. Bc4 $22 (74. Bc4 Bb2 75. h6 Kxh6 76.
f6 Kg6 77. f7 Bg7 78. Ke7 $18) 1-0